Loading...
| Science - Physics | 0 | 5 | 0 | 2 | 50 | 52 | 70.00 | 0 | 1 | 17.25 | 23.04 |
| Science - Other | 0 | 3 | 0 | 1 | 30 | 65 | 95.67 | 0 | 1 | 7.10 | 13.57 |
| Science - Chemistry | 0 | 2 | 1 | 0 | 15 | 48 | 65.00 | 0 | 1 | 7.68 | 13.75 |
| Mythology | 0 | 1 | 0 | 0 | 10 | 71 | 71.00 | 0 | 1 | 3.72 | 6.25 |
| Literature - World | 0 | 1 | 0 | 0 | 10 | 76 | 76.00 | 0 | 0 | 3.03 | 5.00 |
| Philosophy | 0 | 1 | 0 | 0 | 10 | 41 | 41.00 | 0 | 1 | 7.52 | 9.38 |
| Science - Biology | 0 | 1 | 0 | 1 | 10 | 68 | 68.00 | 0 | 0 | 2.77 | 2.86 |
| Religion | 0 | 1 | 1 | 0 | 5 | 18 | 18.00 | 1 | 1 | 8.41 | 10.00 |
| History - World | 0 | 1 | 1 | 0 | 5 | 79 | 79.00 | 0 | 0 | 2.48 | 1.25 |
| History - Other | 0 | 0 | 0 | 0 | 0 | 0.00 | 0 | 0 | 0.00 | 0.00 | |
| Literature - British | 0 | 0 | 0 | 0 | 0 | 0.00 | 0 | 0 | 0.00 | 0.00 | |
| Fine Arts - Other | 0 | 0 | 0 | 0 | 0 | 0.00 | 0 | 0 | 0.00 | 0.00 | |
| Geography | 0 | 0 | 1 | 0 | -5 | 0.00 | 0 | 0 | 0.00 | 0.00 |